000 01254nam a22002777a 4500
001 TZ 0027
003 gtcocun
005 20251003173047.0
006 a||||gr|||| 00| 0
007 ta
008 251003b2005 gt ||||| m||| 00| 0 eng d
040 _agtcocun
_bSPA
_cgtcocun
_eRDA
041 _aSPA TZ 0027
084 _0TZ 0027
100 _aNarciso López, Carlos Rafael
_eAutor
245 _aPREVALENCIA DE LA ENFERMEDAD INFECCIOSA DE LA BOLSA DE FABRICIO (GUMBORO), EN AVES DE PATIO (Gallus gallus) EN TRES COMUNIDADES DEL MUNICIPIO DE COBÁN, ALTA VERAPAZ./
_cCarlos Rafael Narciso López.
_hImpreso
264 _aCobán, Alta Verapaz:
_bUniversidad de San Carlos de Guatemala, Centro Universitario del Norte, Zootecnia
_c2005
300 _a55 p.:
_bIlustraciones, gráficas.
_c28 cm;
502 _eTZ 0027
502 _aTesis de grado
_bZootecnia,
_cUniversidad de San Carlos de Guatemala, Centro Universitario del Norte, Zootecnia
_d2005
_oTZ 0027
650 1 4 _2LEMB
_aCobán, Alta Verapaz.
_xZootecnia
_xComunidades
_xPrevalencia
_xInfecciosa
_xPatología
_xInmunodifusión
700 _eAsesor
856 _uSin archivo en línea.
_zSin archivo en línea.
942 _2ddc
_cTES
_iTZ 0027
_kClasificación
_n0
_6TZ_0027_000000000000000
999 _c2219
_d2219